| 000 | 00868nam a2200205Ia 4500 | ||
|---|---|---|---|
| 008 | 0000001986 usa 0000000000eng00 | ||
| 020 | _a60519424 | ||
| 090 | _aPUS00 F18r | ||
| 100 | 1 | _aFavela, Ramón | |
| 245 | 1 | 0 |
_aRupert García _b: the art of Rupert García , a survey exhibition _c/ text by Ramón Favela |
| 300 |
_a96 p. _c/ 30 cm. |
||
| 500 | _aExposición realizada en el Museo Mexicano, San Francisco, Agosto 20 Octubre 19, 1986 \ Con el patronazgo del maestro venezolano Jesús Rafael Soto (q.e.p.d.) \ Registro auspiciado por el IDCT. Bogotá | ||
| 600 | 0 | 0 |
_aGARCIA, RUPERT, 1941 / _xTRABAJOS PICTORICOS |
| 650 | 1 | 4 | _aARTE CONTEMPORANEO ESTADOUNIDENSE |
| 650 | 1 | 4 | _xCATALOGOS |
| 650 | 1 | 4 | _xEXPOSICIONES |
| 650 | 1 | 4 | _aGRABADOS ESTADOUNIDENSES |
| 650 | 1 | 4 | _aPINTURA ESTADOUNIDENSE |
| 999 |
_c3114 _d3114 |
||
| 260 |
_aSan Francisco : Chronicle Books _c1986 |
||